Managing crisis before they happen what every executive and manager needs to know about crisis management /

Bibliographic Details
Main Author: Mitroff, Ian I.
Corporate Author: ProQuest (Firm)
Other Authors: Anagnos, Gus.
Format: Electronic eBook
Language:English
Published: New York : AMACOM, c2001.
Subjects:
Online Access:Click to View
LEADER 01374nam a22003734a 4500
001 EBC243056
003 MiAaPQ
005 20200520144314.0
006 m o d |
007 cr cn|||||||||
008 000413s2001 nyua sb 001 0 eng
010 |z  00030632  
020 |z 9780814424902 
020 |z 0814405630 
035 |a (MiAaPQ)EBC243056 
035 |a (Au-PeEL)EBL243056 
035 |a (CaPaEBR)ebr10005799 
035 |a (OCoLC)935228166 
040 |a MiAaPQ  |c MiAaPQ  |d MiAaPQ 
050 4 |a HD49  |b .M5678 2001 
082 0 4 |a 658.4/056  |2 21 
100 1 |a Mitroff, Ian I. 
245 1 0 |a Managing crisis before they happen  |h [electronic resource] :  |b what every executive and manager needs to know about crisis management /  |c Ian I. Mitroff and Gus Anagnos. 
260 |a New York :  |b AMACOM,  |c c2001. 
300 |a xiii, 172 p. :  |b ill. 
504 |a Includes bibliographical references and index. 
533 |a Electronic reproduction. Ann Arbor, MI : ProQuest, 2015. Available via World Wide Web. Access may be limited to ProQuest affiliated libraries. 
650 0 |a Communication in organizations. 
650 0 |a Crisis management. 
650 0 |a Strategic planning. 
655 4 |a Electronic books. 
700 1 |a Anagnos, Gus. 
710 2 |a ProQuest (Firm) 
856 4 0 |u https://ebookcentral.proquest.com/lib/matrademy/detail.action?docID=243056  |z Click to View